000 00802nam a2200205 i 4500
001 146312
003 ES-MaACL
005 20230906201505.0
007 t|
008 070906s1949 sp ||||1| spa d
100 1 _aTrías de Bes, José María (
_d1890-1965)
_9111374
245 1 3 _aLa unidad de Europa
_b: discursos leídos en la Junta pública inaugural /
_cpor José María Trías de Bes y Mª Yanguas Messía.
260 _aMadrid :
_b[s.n.],
_c1949 (
_fC. Bermejo)
300 _a35 p. ;
_c24 cm.
500 _aPrecede al tít.: Real Academia de Ciencias Morales y Políticas.
700 1 _aYanguas Messía, José de,
_d1890-1974
_9117556
710 2 _aReal Academia de Ciencias Morales y Políticas (España)
_96299
852 _aES-MaACL
_j1902-F-14
_bR.29018
999 _c146312
_d146312